| 000 | 01234nam a2200313 c 4500 | ||
|---|---|---|---|
| 003 | BLK | ||
| 005 | 20200811151454.0 | ||
| 008 | 180409b bul|||||r ||||||| ||bul|| | ||
| 010 | _aKNG00102530000 | ||
| 040 | _aBLK | ||
| 041 |
_aBUL _cBUL |
||
| 080 |
_aОсновни задачи на общественото управление _b351 _x:347.4(497.2)(094.5) _z351:347.4(497.2)(094.5) |
||
| 110 | 1 |
_aБългария. Закони и др. п. _9243213 |
|
| 139 |
_aБългария. Закони и др. п. _bБ 92 |
||
| 245 | 1 | 0 |
_aЗакон за задълженията и договорите _bС всички изм. и доп. |
| 257 | _aBGR | ||
| 260 |
_аСофия _bПаралакс _c2002 _fСофия : Симолини 94 |
||
| 300 |
_a60 с. _c20 см |
||
| 380 | _a3 | ||
| 490 | 1 | _aБългарско законодателство | |
| 500 | _aВ кн. означено 2. изд. | ||
| 650 | 4 |
_aДоговори - България - законодателни и директивни материали _9249120 |
|
| 653 | _aгражданско право | ||
| 852 | _aЦб 212124 | ||
| 856 | 4 |
_qpdf _u |
|
| 856 | 4 |
_qpdf _u |
|
| 942 |
_cKNG _n0 _01 |
||
| 944 |
_aCR _c01.01.2002 _kЦветанка_Енчева |
||
| 944 |
_aED _c27.08.2003 _k |
||
| 999 |
_c97617 _d97617 |
||